[Event "Belorechensk Seniors op"]
[Site "Belorechensk"]
[Date "2013.02.20"]
[Round "8"]
[White "Petrov, Petr T"]
[Black "Ostrovsky, Alexander"]
[Result "1/2-1/2"]
[WhiteElo "1954"]
[BlackElo "2324"]
[PlyCount "96"]
[EventDate "2013.02.13"]
[EventType "swiss"]
[EventRounds "9"]
[EventCountry "RUS"]
[SourceTitle "CBM 153 Extra"]
[Source "ChessBase"]
[SourceDate "2013.04.22"]
[SourceVersion "1"]
[SourceVersionDate "2013.04.22"]
[SourceQuality "1"]

1. d4 Nf6 2. Nf3 d6 3. Bf4 Bg4 4. Nbd2 Nbd7 5. h3 Bh5 6. c3 c6 7. a4 a5 8. Qb3 Qb6 9. Qa2 d5 10. e3 Bg6 11. Nh4 e6 12. Nxg6 hxg6 13. Be2 Be7 14. 0-0 0-0 15. Rfb1 Ne8 16. b3 Bd6 17. Bxd6 Nxd6 18. b4 Qc7 19. Nb3 b6 20. Qc2 c5 21. dxc5 bxc5 22. b5 Nb6 23. Nd2 c4 24. Nf3 Ne4 25. Nd4 Nc5 26. Bd1 e5 27. Nc6 e4 28. Be2 f5 29. Bf1 g5 30. Rd1 Nd3 31. Qe2 Qf7 32. Nd4 g6 33. Ra2 Qf6 34. Rb1 Rfe8 35. g3 Re7 36. Bg2 Ne5 37. Raa1 g4 38. Qa2 Rh7 39. h4 Nd3 40. Qa3 Rd7 41. Rd1 Kg7 42. Ne2 Qd6 43. Nd4 Qxa3 44. Rxa3 Kf6 45. Ra2 Rh7 46. Rb1 Ke5 47. Rba1 Kd6 48. Rd1 Kd7 1/2-1/2

[Event "Belorechensk Seniors op"]
[Site "Belorechensk"]
[Date "2013.02.15"]
[Round "3"]
[White "Petrov, Petr T"]
[Black "Panarin, Vladimir"]
[Result "1-0"]
[WhiteElo "1954"]
[BlackElo "2079"]
[PlyCount "104"]
[EventDate "2013.02.13"]
[EventType "swiss"]
[EventRounds "9"]
[EventCountry "RUS"]
[SourceTitle "CBM 153 Extra"]
[Source "ChessBase"]
[SourceDate "2013.04.22"]
[SourceVersion "1"]
[SourceVersionDate "2013.04.22"]
[SourceQuality "1"]

1. d4 Nf6 2. Nf3 g6 3. Bf4 Bg7 4. c3 0-0 5. h3 d6 6. Nbd2 Nbd7 7. e3 b6 8. Bc4 Bb7 9. 0-0 e6 10. a4 a5 11. Re1 Qe7 12. Bf1 Nh5 13. Bh2 f5 14. b4 e5 15. Nb3 axb4 16. cxb4 e4 17. Nfd2 d5 18. b5 f4 19. Be2 fxe3 20. fxe3 Qh4 21. Bxh5 gxh5 22. Qe2 c5 23. Nf1 Rf5 24. Ng3 Rg5 25. Rf1 Rg6 26. Qxh5 Qg5 27. Qxg5 Rxg5 28. Nf5 Bf8 29. Nd6 Bc8 30. Nxc8 Rxc8 31. a5 c4 32. Nc1 Ra8 33. a6 Bb4 34. Ra2 Nf8 35. Ne2 Ne6 36. Nf4 Nxf4 37. Bxf4 Rg6 38. Be5 Bd6 39. Bxd6 Rxd6 40. Rf5 Ra7 41. Kf1 Kg7 42. Raf2 h6 43. Ke2 Rad7 44. Kd2 Rg6 45. g4 Rg5 46. Rf6 Rg6 47. Rxg6+ Kxg6 48. Rf5 Kg7 49. h4 Kg6 50. Re5 Kf6 51. Kc3 Kf7 52. g5 hxg5 1-0

[Event "Belorechensk Seniors op"]
[Site "Belorechensk"]
[Date "2013.02.14"]
[Round "2"]
[White "Makarkin, Zhan"]
[Black "Petrov, Petr T"]
[Result "1-0"]
[WhiteElo "2138"]
[BlackElo "1954"]
[PlyCount "117"]
[EventDate "2013.02.13"]
[EventType "swiss"]
[EventRounds "9"]
[EventCountry "RUS"]
[SourceTitle "CBM 153 Extra"]
[Source "ChessBase"]
[SourceDate "2013.04.22"]
[SourceVersion "1"]
[SourceVersionDate "2013.04.22"]
[SourceQuality "1"]

1. e4 e5 2. Nf3 Nc6 3. Bb5 d6 4. d4 exd4 5. Nxd4 Bd7 6. Nc3 Nxd4 7. Qxd4 Nf6 8. 0-0 Bxb5 9. Nxb5 a6 10. Nc3 Be7 11. h3 0-0 12. Bf4 Re8 13. Rfe1 Qd7 14. Rad1 Qc6 15. Nd5 Nxd5 16. exd5 Qd7 17. b3 Bf6 18. Qd2 h6 19. Rxe8+ Rxe8 20. Be3 Re4 21. c4 b6 22. Qd3 Qe8 23. Kf1 a5 24. Re1 Re7 25. Re2 Qd7 26. Bf4 Rxe2 27. Kxe2 Qe7+ 28. Qe3 Qd7 29. Qe4 Qe7 30. Qxe7 Bxe7 31. a4 Bf6 32. Bd2 Bd4 33. b4 axb4 34. Bxb4 Kf8 35. f3 Ke7 36. Kd3 Bf2 37. g4 Bh4 38. a5 bxa5 39. Bxa5 Kd7 40. Bc3 f6 41. Ke4 g6 42. Bd2 Bg5 43. f4 Bh4 44. f5 g5 45. Bc3 Ke7 46. Kf3 Kf7 47. Ba5 Ke7 48. Bxc7 Be1 49. Ke4 Bb4 50. Bb6 Ba3 51. Bd4 Kf7 52. Kd3 Bb4 53. Kc2 Ke7 54. Kb3 Ba5 55. Ka4 Bd8 56. Kb5 Kd7 57. c5 dxc5 58. Bxc5 Bc7 59. Bf8 1-0

[Event "Astrakhan Ritminform Cup-A"]
[Site "Astrakhan"]
[Date "2013.01.05"]
[Round "2"]
[White "Petrov, Petr T"]
[Black "Ivlev, Aleksey"]
[Result "1/2-1/2"]
[WhiteElo "1958"]
[BlackElo "2120"]
[PlyCount "106"]
[EventDate "2013.01.04"]
[EventType "tourn"]
[EventRounds "9"]
[EventCountry "RUS"]
[SourceTitle "EXT 2014"]
[Source "ChessBase"]
[SourceDate "2013.11.20"]
[SourceVersion "1"]
[SourceVersionDate "2013.11.20"]
[SourceQuality "1"]

1. d4 c5 2. dxc5 e6 3. Be3 Na6 4. c4 Nxc5 5. g3 Nf6 6. Nc3 Nce4 7. Qc2 Nxc3 8. bxc3 Be7 9. Bg2 0-0 10. Nf3 d6 11. 0-0 Qc7 12. c5 dxc5 13. Bf4 Bd6 14. Bxd6 Qxd6 15. Rfd1 Qc7 16. c4 Bd7 17. Ne1 Bc6 18. e4 b6 19. Qe2 Rad8 20. e5 Bxg2 21. exf6 Ba8 22. Qg4 g6 23. Qg5 Qc6 24. f3 e5 25. Qxe5 Rde8 26. Qc3 Re6 27. Rd3 Rxf6 28. Rad1 Re6 29. Ng2 g5 30. h4 Qc7 31. Kf2 Rfe8 32. Re3 Rxe3 33. Nxe3 Qe7 34. hxg5 Qxg5 35. Rd6 f5 36. Rd7 Rf8 37. Qe5 Qg6 38. Nd5 Bxd5 39. Qxd5+ Kh8 40. Qe5+ Qf6 41. Qxf6+ Rxf6 42. Ke3 f4+ 43. gxf4 Re6+ 44. Kf2 a6 45. f5 Rf6 46. Ke3 Rxf5 47. Rd6 b5 48. Rxa6 bxc4 49. Ra4 Re5+ 50. Kf4 Rh5 51. Kg4 Rd5 52. Rxc4 Rd4+ 53. Rxd4 cxd4 1/2-1/2

[Event "Astrakhan Region-ch"]
[Site "Astrakhan"]
[Date "2012.10.19"]
[Round "7"]
[White "Razdrogin, Sergei"]
[Black "Petrov, Petr T"]
[Result "0-1"]
[WhiteElo "1817"]
[BlackElo "1949"]
[PlyCount "68"]
[EventDate "2012.10.13"]
[EventType "swiss"]
[EventRounds "9"]
[EventCountry "RUS"]
[SourceTitle "EXT 2023"]
[Source "ChessBase"]
[SourceDate "2022.10.05"]
[SourceVersion "1"]
[SourceVersionDate "2022.10.05"]
[SourceQuality "1"]

1. e4 d5 2. exd5 Qxd5 3. Nc3 Qd6 4. Nf3 c6 5. d3 Nf6 6. Be2 Bg4 7. h3 Bxf3 8. Bxf3 Nbd7 9. g3 e5 10. 0-0 Be7 11. Be3 0-0 12. d4 Rfe8 13. d5 e4 14. Nxe4 Nxe4 15. Bxe4 Nf6 16. Bg2 Nxd5 17. Bd4 Nb6 18. Qg4 Qg6 19. Be4 Qxg4 20. hxg4 Bf6 21. Bxf6 Rxe4 22. Bc3 Nd5 23. f3 Rc4 24. Rae1 Nxc3 25. bxc3 Kf8 26. Re3 Rd8 27. Rf2 Rd5 28. Rfe2 f6 29. Rd3 a5 30. Kf2 Kf7 31. Ke1 Re5 32. Kd2 Rxe2+ 33. Kxe2 a4 34. Ke3 b5 0-1

[Event "Astrakhan-ch"]
[Site "Astrakhan"]
[Date "2011.11.24"]
[Round "6"]
[White "Petrov, Petr T"]
[Black "Prokopenko, Roman"]
[Result "1-0"]
[WhiteElo "1896"]
[BlackElo "2027"]
[PlyCount "103"]
[EventDate "2011.11.19"]
[EventType "swiss"]
[EventRounds "9"]
[EventCountry "RUS"]
[SourceTitle "EXT 2013"]
[Source "ChessBase"]
[SourceDate "2012.11.22"]
[SourceVersion "1"]
[SourceVersionDate "2012.11.22"]
[SourceQuality "1"]

1. d4 Nf6 2. Nf3 c5 3. dxc5 e6 4. Be3 Na6 5. g3 Bxc5 6. Bxc5 Nxc5 7. c4 Qb6 8. Qc2 Nce4 9. e3 d5 10. Nbd2 Bd7 11. Nxe4 Nxe4 12. Bd3 Nc5 13. Be2 dxc4 14. 0-0 0-0 15. Bxc4 Bc6 16. Nd4 Be4 17. Qe2 e5 18. Nb5 Qf6 19. f3 Bc6 20. Nc3 Rad8 21. b4 e4 22. Nxe4 Nxe4 23. fxe4 Qc3 24. Rad1 Rxd1 25. Rxd1 Qxb4 26. Bd5 h6 27. Qd3 Re8 28. Qd4 Qxd4 29. exd4 Bxd5 30. exd5 Rd8 31. Rb1 b6 32. Rb5 Rd6 33. a4 f5 34. a5 Kf7 35. Kf2 Kf6 36. Kf3 g5 37. Ke3 Kg6 38. Kf2 g4 39. Ke2 h5 40. Kf2 Kg5 41. Ke3 f4+ 42. Ke4 f3 43. Ke5 Rd8 44. Rb1 bxa5 45. d6 Re8+ 46. Kd5 a4 47. d7 Rd8 48. Ke6 a3 49. d5 Rh8 50. Ra1 f2 51. Rf1 Kg6 52. Rxf2 1-0

[Event "Astrakhan-ch"]
[Site "Astrakhan"]
[Date "2011.11.23"]
[Round "5"]
[White "Shevchenko, Alexei"]
[Black "Petrov, Petr T"]
[Result "1/2-1/2"]
[WhiteElo "2105"]
[BlackElo "1896"]
[PlyCount "92"]
[EventDate "2011.11.19"]
[EventType "swiss"]
[EventRounds "9"]
[EventCountry "RUS"]
[SourceTitle "EXT 2013"]
[Source "ChessBase"]
[SourceDate "2012.11.22"]
[SourceVersion "1"]
[SourceVersionDate "2012.11.22"]
[SourceQuality "1"]

1. e4 d5 2. exd5 Qxd5 3. Nc3 Qd6 4. Nf3 Nf6 5. d4 c6 6. Be2 Bg4 7. 0-0 e6 8. Bg5 Be7 9. Qd2 0-0 10. h3 Bf5 11. Nh4 Bg6 12. Nxg6 hxg6 13. a3 a5 14. Rad1 b5 15. Bf3 Ra7 16. Bxf6 gxf6 17. Ne4 Qd8 18. Qc3 b4 19. axb4 axb4 20. Qc4 Qb6 21. g4 Rd8 22. h4 Qa6 23. Qxa6 Rxa6 24. c3 Ra2 25. Rb1 f5 26. gxf5 gxf5 27. Ng5 c5 28. dxc5 Bxc5 29. cxb4 Be7 30. Bh5 Rf8 31. Rfc1 Ra7 32. Rc4 Rb7 33. Rbc1 Na6 34. Rc8 Bxg5 35. hxg5 Nxb4 36. R8c7 Rxc7 37. Rxc7 Nd5 38. Rc4 e5 39. Bd1 Kg7 40. Rc5 Rd8 41. Bb3 Nf4 42. Rxe5 Nh3+ 43. Kg2 Nxg5 44. Rxf5 Kg6 45. Rxg5+ Kxg5 46. Bxf7 Kf4 1/2-1/2

[Event "Astrakhan op"]
[Site "Astrakhan"]
[Date "2011.08.24"]
[Round "8.12"]
[White "Sokolov, Vladimir"]
[Black "Petrov, Petr T"]
[Result "1-0"]
[WhiteElo "2031"]
[BlackElo "1922"]
[PlyCount "69"]
[EventDate "2011.08.17"]
[EventType "swiss"]
[EventRounds "9"]
[EventCountry "RUS"]
[SourceTitle "EXT 2022"]
[Source "ChessBase"]
[SourceDate "2021.10.06"]
[SourceVersion "1"]
[SourceVersionDate "2021.10.06"]
[SourceQuality "1"]

1. d4 d5 2. Nf3 e6 3. c4 c6 4. e3 Bd6 5. Nc3 f5 6. Bd3 Nh6 7. 0-0 Nd7 8. Ne1 g5 9. cxd5 exd5 10. f3 0-0 11. e4 Nb6 12. a4 a5 13. Qb3 Bc7 14. exd5 Nf7 15. Nc2 Qd6 16. g3 f4 17. Ne4 Qh6 18. d6 Be6 19. Qa3 Bd8 20. Bd2 Nd5 21. b4 axb4 22. Nxb4 Qg7 23. Qb2 Bb6 24. Nc2 Rab8 25. gxf4 gxf4+ 26. Kh1 Qh6 27. Rg1+ Kh8 28. Nb4 Ba5 29. Nxd5 Bxd2 30. Ne7 Bd5 31. Qxd2 Nxd6 32. Nxd5 cxd5 33. Nxd6 Qxd6 34. Rg4 b6 35. Rag1 1-0